Công nghệ xử lý chất thải vệ sinh thích hợp cho các vùng ngoại thành /

Bewaard in:
Bibliografische gegevens
Hoofdauteur: Hidenori Harada.
Andere auteurs: Nguyen The Dong, Saburo Matsui.
Formaat: Artikel
Taal:Vietnamese
Tags: Voeg label toe
Geen labels, Wees de eerste die dit record labelt!
Thư viện lưu trữ: Thư viện Trường Đại học Đà Lạt
LEADER 00841nam a2200253 4500
001 DLU120142630
005 ##20121019
040 # # |a DLU  |b vie 
041 # # |a vie 
044 # # |a vn 
100 # # |a Hidenori Harada. 
245 # # |a Công nghệ xử lý chất thải vệ sinh thích hợp cho các vùng ngoại thành /  |c Hidenori Harada, Saburo Matsui, Nguyen The Dong. 
700 # # |a Nguyen The Dong 
700 # # |a Saburo Matsui. 
773 # # |t Tuyển tập các báo cáo Khoa học tại Hội nghị Môi trường toàn quốc 2005   |g  2005, tr. 1115-1121 
920 # # |a Phòng Tạp chí -- Trung tâm Thông tin - Thư viện Trường Đại học Đà Lạt 
994 # # |a DLU 
900 # # |a True 
911 # # |a Nguyễn Thị Mai Anh 
925 # # |a G 
926 # # |a A 
927 # # |a BB 
980 # # |a Thư viện Trường Đại học Đà Lạt